Dzielnice Lublina - Quiz na mapie - Statystyki

Ogólne statystyki
  • Ten quiz został rozwiązany 268 razy
    255 od ostatniego zresetowania
  • Średni wynik to 13 z 27
Odpowiedzi na mapie
Odpowiedzi zakodowano w zielono-czerwonej skali na mapie do tego quizu, zgodnie z poniższymi procentami.
 
Statystyki odpowiedzi
Odpowiedź % Poprawnych
Felin
66%
Stare Miasto
66%
Zemborzyce
66%
Śródmieście
65%
Abramowice
63%
Czechów Północny
58%
Głusk
55%
Czechów Południowy
54%
Czuby Południowe
54%
Bronowice
50%
Kalinowszczyna
50%
Czuby Północne
47%
Ponikwoda
47%
Dziesiąta
46%
Hajdów-Zadębie
46%
Tatary
44%
Za Cukrownią
44%
Węglin Południowy
41%
Rury
40%
Sławin
39%
Sławinek
39%
Wrotków
39%
Węglin Północny
38%
Kośminek
34%
Wieniawa
33%
Konstantynów
27%
Szerokie
25%
Nie znaleziono quizów pasujących do podanych kryteriów
Rozkład punktacji
Procent ludzi z każdym wynikiem
Percentyl według liczby udzielonych odpowiedzi
Twoja historia wyników
Nie rozwiązałeś tego quizu od ostatniego zresetowania